Statystyki dla Broń palna(poziom średni)

Kliknij tutaj aby rozwiązać quiz!

Ogólne statystyki

  • Ten quiz został rozwiązany 55 razy
  • Średni wynik to 6 z 15

Statystyki odpowiedzi

ZagadnienieOdpowiedź% Poprawnych
Jak nazywa się tworzywo z którego zrobione są ikoniczne brązowe/śliwkowe magazynki do karabinków akm/ak74/ak74m ich pochodne ?Bakelit
67%
Jak nazywał się polski granatnik przeciwpancerny wykorzystujący wyrzutnię jednorazowego użytku produkowany w latach 1983-1995 ?Rpg-76 Komar
56%
Czy zamek otwarty jest zawsze zamkiem swobodnym ?Nie
49%
Jaki pistolet kryje się za oznaczeniem PW wz.33Pistolet TT
47%
Jak nazywa się celownik optyczny używany w karabinie SVD ?PSO-1
47%
Jak nazywa się urządzenie używane w tłumikach do broni krótkiej której zasada działania opiera się na przekoszeniu lufy w płaszczyźnie pionowej aby działała ona poprawnie ?Urządzenie nilsena
47%
Produkcja(prototypowa) jakiej broni Eugene’a Stonera rozpoczęła się w roku 1957 i trwała do 1960?M16
44%
Które z tych granatów ręcznych są najczęściej używane przez wojsko polskie(nie wliczając wojsk specjalnych)F1,RG-42
42%
Jakim nabojem zasilany jest karabinek wz.88 Tantal ?5.45x39mm
36%
Który z niżej wymienionych typów amunicji 7.62x39 jest najmocniejszy(chodzi o przebijalność)BZ
31%
Gdzie w karabinku Wz.96 Beryl znajdują się opory ryglowe ?W komorze zamkowej
31%
Czy Polska posiada obecnie rusznice przeciwpancerne ?Nie
29%
Ile rygli ma zamek znajdujący się w karabinku AK/AKM?2
27%
Jaka jest oznaczenie rosyjskiej(dawniej radzieckiej)miny motylkowej ?PFM-1
24%
Jaka substancja znajdowała się w wyżej wymienionym celowniku aby zapobiec jego parowaniu ?Suchy azot
18%

Rozkład punktacji

Percentyl według liczby udzielonych odpowiedzi

Procent ludzi z każdym wynikiem

Twoja historia wyników

Nie rozwiązałeś tego quizu